000 03529cam a22012014i 4500
003 PE-LiUPU
005 20250813185411.0
008 150623s2000 mx a rb 000 0 spa d
020 _a970150559X
020 _a9789701505595
035 _a(Sirsi) i9789701505595
040 _aPE-LiUPU
_bspa
_cPE-LiUPU
_dPE-LiUPU
_erda
049 _aPRUA
082 0 4 _a370.152
_bS19
_221
100 1 _aSambrano, Jazmín,
_eautor.
245 1 0 _aSuperaprendizaje transpersonal /
_cJazmín Sambrano.
264 1 _aMéxico :
_bAlfaomega Grupo Editor,
_c2000.
300 _a183 páginas :
_bilustraciones ;
_c23 centímetros
336 _atext
_2rdacontent
337 _aunmediated
_2rdamedia
338 _avolume
_2rdacarrier
504 _aIncluye bibliografía.
505 0 _aParadigmas -- Respiración y relajación -- Respiración rítmica y su importancia en el aprendizaje -- El entrenamiento autógeno de Schultz -- Relajación progresiva de Jacobson -- La eutonía de Alexander -- Sofrología -- El cerebro y las teorías de las funciones mentales -- Importancia del pensamiento positivo -- La programación neurolingüística y los nuevos modelos de comunicación -- Lengua y habla -- Modelo transformacional -- En busca de la excelencia de la comunicación -- Fisiología de la excelencia -- Musicoterapia -- Efectos de la música sobre la corteza cerebral -- Diferentes culturas y su modos de abordar la música -- Integrando un superaprendizaje transpersonal -- Anamnesis musical.
526 _aP202
526 _aP201
526 _aP163
526 _aP162
526 _aP161
526 _aP160
526 _aP148
526 _aP147
526 _aP146
526 _aP145
526 _aP144
526 _aP143
526 _aP142
526 _aP141
526 _aP140
526 _aP139
526 _aP138
526 _aP137
526 _aP136
526 _aP135
526 _aP134
526 _aP133
526 _aP129
526 _aP128
526 _aP127
526 _aP120
526 _aP119
526 _aP118
526 _aP116
526 _aP115
526 _aP114
526 _aP110
526 _aP109
526 _aP108
526 _aP104
526 _aP103
526 _aP102
526 _aP99
526 _aP98
526 _aP97
526 _aP96
526 _aP95
526 _aP93
526 _aP90
526 _aP89
526 _aP88
526 _aP83
526 _aP82
526 _aP62
526 _aP59
526 _aP58
526 _aP57
526 _aP51
526 _aP49
526 _aP48
526 _aP47
526 _aP29
526 _aP24
526 _aP20
526 _aP19
526 _aP17
526 _aP15
526 _aP14
526 _aP12
526 _aP10
526 _aP09
526 _aP08
526 _aP07
526 _aP06
526 _aP05
526 _aP04
526 _aP01
650 0 4 _aAprendizaje
_xAspectos psicofisiológicos.
942 _2ddc
_cBOOK
949 _a370.152 S19
_wDEWEY
_c1
_i48295
_d2016-11-2
_e2016-10-31
_lCCODEBUL1
_mBUL
_n3
_r0
_sY
_tBOOK
_u2015-6-24
_xEDUCACION
_zUNKNOWN
_0COMPRA
_o.STAFF. Colección General
994 _aC0
_bPEPRU
596 _a1
999 _a370.152 S19
_wDEWEY
_c26084
_i48295
_d26084
_e2016-10-31
_f2021-11-8
_g6
_lCCODEBUL1
_mBUL
_n3
_p18.72
_r0
_sY
_tBOOK
_u2015-6-24
_xEDUCACION
_zUNKNOWN
_0COMPRA
_o.STAFF. Colección General
980 _81
_gALBERTO SANCHEZ Responsable de Automatización